Szabó Lőrinc szemüvege
Elmentve itt :
| Szerző: | |
|---|---|
| Adatforrás: | Meister |
| Forrásdokumentuma: | A Hét. - 13 sz., 1990, 6-7 p. |
| Nyelv: | magyar |
| Kulcsszavak: | irodalomtörténet SZABÓ Lőrinc |
| LEADER | 00359nab a2200133 i 4500 | ||
|---|---|---|---|
| 001 | bibPRO00004521 | ||
| 008 | 060524s1990 xx hun | ||
| 040 | |a Sz1 | ||
| 041 | |a hun | ||
| 100 | 1 | |a LÁSZLÓFFY Aladár | |
| 245 | 1 | 0 | |a Szabó Lőrinc szemüvege |c LÁSZLÓFFY Aladár |
| 695 | |a irodalomtörténet | ||
| 695 | |a SZABÓ Lőrinc | ||
| 773 | 0 | |t A Hét. - |g 13 sz., 1990, 6-7 p. | |